Normal view
MARC view
Entry Personal Name
001 - CONTROL NUMBER
- control field: 59076
003 - CONTROL NUMBER IDENTIFIER
- control field: dpl
005 - DATE AND TIME OF LATEST TRANSACTION
- control field: 20231124150258.0
008 - FIXED-LENGTH DATA ELEMENTS
- fixed length control field: 231124|| aca||aabn | a|a d
040 ## - CATALOGING SOURCE
- Original cataloging agency: dpl
- Transcribing agency: dpl
100 ## - HEADING--PERSONAL NAME
- Personal name: शशांक मणि
670 ## - SOURCE DATA FOUND
- Source citation: Work cat.: (dpl)199226: शशांक मणि , भारत एक स्वर्णिम यात्रा/ , 2022
